LEADER 01128nam0 22002771i 450 001 UON00421473 005 20231205104825.417 100 $a20130328d1988 |0itac50 ba 101 $afre 102 $aFR 105 $a|||| 1|||| 200 1 $aCorrespondance$e1910-1925$fHenri Gheon$gJacques Riviere$gedition etablie, presentee et annotee par Jean-Pierre Cap 210 $aLyon$cUniversite de Lyon Centre d'Etude Gidiennes$d1988 215 $a276 p.$d21 cm. 620 $aFR$dLyon$3UONL003148 676 $a840.9$cLetteratura francese. 1900-$v21 700 1$aGHEON$bHenri$3UONV214854$0402079 701 1$aRIVIERE$bJacques$3UONV126389$0402547 702 1$aCAP$bJean-Pierre$3UONV214539 712 $aUniversité de Lyon. Centre d'Études Gidiennes$3UONV280253$4650 801 $aIT$bSOL$c20240220$gRICA 899 $aSIBA - SISTEMA BIBLIOTECARIO DI ATENEO$2UONSI 912 $aUON00421473 950 $aSIBA - SISTEMA BIBLIOTECARIO DI ATENEO$dSI Francese VI A GHE $eSI LO 49378 5 $sBuono 996 $aCorrespondance$91333754 997 $aUNIOR